Pintura corporal por Zañartu
Αποθηκεύτηκε σε:
| Συγγραφή απο Οργανισμό/Αρχή: | |
|---|---|
| Μορφή: | Βιβλίο |
| Γλώσσα: | Ισπανικά |
| Έκδοση: |
Santiago
Taller Experimental Cuerpos Pintados
2003
|
| Έκδοση: | 1a. ed |
| Σειρά: | Colección Cuerpos Pintados. Pintura A17
|
| Θέματα: | |
| Ετικέτες: |
Προσθήκη ετικέτας
Δεν υπάρχουν, Καταχωρήστε ετικέτα πρώτοι!
|
MARC
| LEADER | 00000cam a2200000 a 4500 | ||
|---|---|---|---|
| 001 | UCF9402 | ||
| 003 | CL-VaPUC | ||
| 008 | 131115e20030000cl |||||||||||||||||spa|d | ||
| 020 | |a 9568136916 | ||
| 082 | 0 | 4 | |a 750 |b TAL |2 21 |
| 110 | 2 | |a Taller Experimental Cuerpos Pintados |e author |9 571687 | |
| 245 | 1 | 0 | |a Pintura corporal por Zañartu |
| 250 | |a 1a. ed | ||
| 300 | |a pág. irreg | ||
| 942 | |c BK | ||
| 945 | |d 20131115 14:49:00 |a dcastane | ||
| 260 | |a Santiago |b Taller Experimental Cuerpos Pintados |c 2003 | ||
| 500 | |a Fotografía de Roberto Edwards | ||
| 650 | 7 | |a DESNUDO EN EL ARTE |2 CL-VaPUC |9 444355 | |
| 650 | 0 | |a Pintura |9 265046 | |
| 650 | 0 | |a Pintura chilena siglo 20 |9 314453 | |
| 583 | |a last modification |c 20131128 11:26:26 |k Rodrigo Vera | ||
| 490 | 0 | |a Colección Cuerpos Pintados. Pintura A17 | |
| 999 | |c 353848 |d 353846 | ||
| 952 | |0 0 |1 0 |3 erd |4 0 |6 750_000000000000000_TAL_2003 |7 0 |8 C |9 459269 |a BIBCUR |b BIBCUR |i 502501K |l 1 |o 750 TAL 2003 |p 502501K |r 2025-04-22 |s 2024-09-13 |w 2019-11-23 |y BK |z Catalogado en:20131115 |k CAC | ||